| 000 | 00580nam a2200205Ia 4500 | ||
|---|---|---|---|
| 005 | 20250508155723.0 | ||
| 008 | 008 250505s9999 xx 000 0 eng d | ||
| 020 | _a03-072850-9 | ||
| 037 | _aTextual | ||
| 040 |
_aFEDL _beng _cFEDL |
||
| 041 |
_aeng _2eng |
||
| 084 |
_a510.7, ZWI _qFEDL |
||
| 100 |
_aZwier Paul J _9767350 |
||
| 245 | 0 | _aEssentials of college mathematics | |
| 260 |
_aNew York, USA _bHolt, Rinehart and Winston _c1969 |
||
| 300 | _ax,421p. | ||
| 700 |
_a Nyhoff Larry R _9767351 |
||
| 942 |
_cTEXL _h510.7, ZWI |
||
| 999 |
_c1358949 _d1358949 |
||